Normal view
MARC view
Entry Personal Name
001 - CONTROL NUMBER
- control field: 12231
003 - CONTROL NUMBER IDENTIFIER
- control field: BD-RjUL
005 - DATE AND TIME OF LATEST TRANSACTION
- control field: 20240312105737.0
008 - FIXED-LENGTH DATA ELEMENTS
- fixed length control field: 240312|| aca||aabn | a|a d
040 ## - CATALOGING SOURCE
- Original cataloging agency: BD-RjUL
- Transcribing agency: BD-RjUL
100 ## - HEADING--PERSONAL NAME
- Personal name: Rhys, Ernest
670 ## - SOURCE DATA FOUND
- Source citation: Work cat.: (BD-RjUL)19644: Trollope, Anthony, 1815-1882. 60359, Doctor Thorne /, 1908 [rpprinted 1953,1967].